| 000 | 00548nam a22001817a 4500 | ||
|---|---|---|---|
| 003 | AM-YeHGA | ||
| 005 | 20250617154045.0 | ||
| 008 | 180507s xxu||||| |||| 00| 0 rus d | ||
| 040 | _aAM-YeHGA | ||
| 041 | 0 | _arus | |
| 100 | 1 | _aРыленков, Николай Иванович | |
| 245 | 1 | 0 |
_aНаступление весны : _bСтихи / _cН. Рыленков. |
| 260 |
_a[Смоленск] : _bСмолгиз, _c1947. |
||
| 300 | _a196 с. | ||
| 653 | 0 | _aРусская литература | |
| 942 |
_2udc _cBK |
||
| 090 | _c406105 | ||
| 999 |
_c403875 _d403875 |
||